Charaka Samhita (Record no. 1279)

MARC details
000 -LEADER
fixed length control field 00275nam a22001217a 4500
008 - FIXED-LENGTH DATA ELEMENTS--GENERAL INFORMATION
fixed length control field 260423b |||||||| |||| 00| 0 eng d
082 ## - DEWEY DECIMAL CLASSIFICATION NUMBER
Classification number 001325
100 ## - MAIN ENTRY--PERSONAL NAME
Personal name Jaidev
245 ## - TITLE STATEMENT
Title Charaka Samhita
260 ## - PUBLICATION, DISTRIBUTION, ETC.
Place of publication, distribution, etc. Delhi
Name of publisher, distributor, etc. Motilal Banarasidass
Date of publication, distribution, etc. 2018
300 ## - PHYSICAL DESCRIPTION
Extent 522p
942 ## - ADDED ENTRY ELEMENTS (KOHA)
Source of classification or shelving scheme Dewey Decimal Classification
Holdings
Withdrawn status Lost status Source of classification or shelving scheme Damaged status Not for loan Home library Current library Shelving location Date acquired Source of acquisition Inventory number Total Checkouts Full call number Barcode Date last seen Price effective from Koha item type
    Dewey Decimal Classification     Karnataka Samskrit University Library Karnataka Samskrit University Library General Stacks 04/23/2026 Book Paradise 94470   001325 001325 04/23/2026 04/23/2026 Books
    Dewey Decimal Classification     Karnataka Samskrit University Library Karnataka Samskrit University Library General Stacks 04/23/2026 Book Paradise 94470   001325 001326 04/23/2026 04/23/2026 Books
    Dewey Decimal Classification     Karnataka Samskrit University Library Karnataka Samskrit University Library General Stacks 04/23/2026 Book Paradise 94470   001325 001327 04/23/2026 04/23/2026 Books
    Dewey Decimal Classification     Karnataka Samskrit University Library Karnataka Samskrit University Library General Stacks 04/23/2026 Book Paradise 94470   001325 001328 04/23/2026 04/23/2026 Books

Powered by Koha